Statistics for Star Wars Characters by Ship

Click here to take the quiz!

General Stats

  • This quiz has been taken 33 times
  • The average score is 11 of 15

Answer Stats

Answer% Correct
Han Solo
100%
Darth Vader
97%
Luke Skywalker
97%
Obi-Wan Kenobi
97%
Boba Fett
90%
Din Djarin
87%
Kylo Ren
81%
Poe Dameron
81%
Anakin Skywalker
77%
Hera Syndula
77%
General Grievous
74%
Darth Maul
71%
Yoda
68%
Tallie Lintra
23%
Kazuda Xiono
10%

Score Distribution

Percentile by Number Answered

Percent of People with Each Score

Your Score History

You have not taken this quiz